Jageshwar: (Record no. 201049)
[ view plain ]
| 000 -LEADER | |
|---|---|
| fixed length control field | 00507nam a22001697a 4500 |
| 005 - DATE AND TIME OF LATEST TRANSACTION | |
| control field | 20240402143306.0 |
| 010 ## - LCCN (DPL NO) | |
| LC control number | ENG-139429 |
| 020 ## - INTERNATIONAL STANDARD BOOK NUMBER | |
| International Standard Book Number | 9788173414619 |
| Terms of availability | 595.00 |
| 035 ## - SYSTEM CONTROL NUMBER | |
| System control number | EN-122961 |
| 037 ## - SOURCE OF ACQUISITION | |
| Source of stock number/acquisition | DBAD/PUB |
| 100 ## - MAIN ENTRY--PERSONAL NAME | |
| Personal name | By AGRAWAL, C.M. |
| 245 ## - TITLE STATEMENT | |
| Title | Jageshwar: |
| Remainder of title | Abode of Lord Shiva/ |
| Statement of responsibility, etc | By C.M Agrawal |
| 260 ## - PUBLICATION, DISTRIBUTION, ETC. (IMPRINT) | |
| Place of publication, distribution, etc | DELHI |
| Name of publisher, distributor, etc | INDIAN PUBLISHERS DISTRIBUTORS |
| Date of publication, distribution, etc | 2010 |
| 270 ## - ADDRESS | |
| Address | 166-D,KAMLA NAGAR |
| City | DELHI |
| Postal code | 110007 |
| 300 ## - PHYSICAL DESCRIPTION | |
| Extent | 166p. |
| Dimensions | 25cm(Hb) |
| 942 ## - ADDED ENTRY ELEMENTS (KOHA) | |
| Source of classification or shelving scheme | Dewey Decimal Classification |
| Item type | English Books |
| Classification part | 230.1 |
| Call number suffix | AGR |
| Withdrawn status | Lost status | Not for loan | Collection code | Home library | Current library | Date acquired | Source of acquisition | Cost, normal purchase price | Full call number | Barcode | Copy number | Cost, replacement price | Koha item type |
|---|---|---|---|---|---|---|---|---|---|---|---|---|---|
| Non-fiction | Bawana | Bawana | 26/02/2024 | DBAD/PUB | 595.00 | 230.1 AGR | EN-122961 | 1 | 595.00 | English Books |
